00679 a2200181 45000010006000000050017000060080041000230030015000640400040000790800117001192450089002360200022003252640076003473000019004230410008004421000020004507000027004706266920260407155920.0260407a1984 arg spa dAR-UNSa-BCEJYS aAR-UNSa-BCEJYSbspacAR-UNSa-BCEJYS a316.42xCambio social en sociedades globales. Desarrollo social. Sociología del desarrollo (Desarrollo Humano)10aNo se cambia la sociedad por decretop(On ne change pas la société par décret) a978-84-7351-171-1 1aMadrid :bInstituto Nacional de Administración Pública (INAP)c1984 a245 p.c19 cm. aspa1 aCrozier, Michel1 aPrats i Catalá, Joan